Determinación de coeficientes de productividad para obra gris en construcción de edificios de varios niveles
Tallennettuna:
| Päätekijä: | |
|---|---|
| Aineistotyyppi: | Kirja |
| Julkaistu: |
San Pedro de Montes de Oca, C.R
2004
|
| Aiheet: | |
| Tagit: |
Lisää tagi
Ei tageja, Lisää ensimmäinen tagi!
|
MARC
| LEADER | 00000nam a2200000Ia 4500 | ||
|---|---|---|---|
| 003 | 009368 | ||
| 005 | 20231212115344.0 | ||
| 008 | 140114s2004 cr a m 000 ||s d | ||
| 040 | |c cru CEDI | ||
| 090 | |a TFG 4907 | ||
| 100 | |a Quintana Contreras, Sergio José |9 6387 | ||
| 245 | |a Determinación de coeficientes de productividad para obra gris en construcción de edificios de varios niveles | ||
| 260 | |a San Pedro de Montes de Oca, C.R |c 2004 | ||
| 300 | |a iv, 84, [134] hojas : ilustraciones a color, planos | ||
| 500 | |a Proyecto de graduación (licenciatura en ingeniería civil)--Universidad de Costa Rica. Facultad de Ingeniería. Escuela de Ingeniería Civil | ||
| 650 | |x EDIFICIOS DE APARTAMENTOS |x TRABAJADORES DE LA CONSTRUCCION |x MANO DE OBRA |x RENDIMIENTO DEL TRABAJO |x PRODUCTIVIDAD DEL TRABAJO |x ESTUDIO DE TIEMPOS |9 6423 | ||
| 942 | |c TFG | ||
| 999 | |c 17527 |d 17527 | ||
